Phục hồi các chi tiết máy bằng phương pháp mạ thép
Bewaard in:
| Hoofdauteur: | |
|---|---|
| Formaat: | Boek |
| Taal: | Undetermined |
| Gepubliceerd in: |
Hà Nội
KHKT
1970
|
| Onderwerpen: | |
| Tags: |
Voeg label toe
Geen labels, Wees de eerste die dit record labelt!
|
| Thư viện lưu trữ: | Trung tâm Học liệu Trường Đại học Cần Thơ |
|---|
| LEADER | 00590nam a2200181Ia 4500 | ||
|---|---|---|---|
| 001 | CTU_15969 | ||
| 008 | 210402s9999 xx 000 0 und d | ||
| 082 | |a 621.83 | ||
| 082 | |b M517 | ||
| 100 | |a M P Menkov | ||
| 245 | 0 | |a Phục hồi các chi tiết máy bằng phương pháp mạ thép | |
| 245 | 0 | |c M P Menkov; Dịch giả: Nguyễn Hữu Trí | |
| 260 | |a Hà Nội | ||
| 260 | |b KHKT | ||
| 260 | |c 1970 | ||
| 650 | |a machinery - maintenance and repair | ||
| 904 | |i Nguyễn Quang Điền, 970506 | ||
| 980 | |a Trung tâm Học liệu Trường Đại học Cần Thơ | ||